Countries with most Coronavirus cases - Statistics

General Stats
  • This quiz has been taken 12 times
    2 since last reset
  • The average score is 17 of 20
Answer Stats
No. of cases Country % Correct
3,955,439 Argentina
100%
16,947,062 Brazil
100%
5,712,753 France
100%
3,708,779 Germany
100%
28,909,975 India
100%
1,856,038 Indonesia
100%
2,966,363 Iran
100%
4,232,428 Italy
100%
2,875,136 Poland
100%
5,126,437 Russia
100%
1,696,564 South Africa
100%
3,697,987 Spain
100%
2,214,517 Ukraine
100%
4,516,892 United Kingdom
100%
34,210,782 United States
100%
3,571,067 Colombia
50%
2,433,681 Mexico
50%
5,287,980 Turkey
50%
1,663,517 Czech Republic
0%
1,983,570 Peru
0%
No matching quizzes found
Score Distribution
Percent of People with Each Score
Percentile by Number Answered
Your Score History
You have not taken this quiz since the last reset